000 00608nam a2200205 a 4500
005 20140310183611.0
008 120825s19uu xx 00 eng d
020 _a9780071101271
050 _aHD 30.3
_b.H997 2008
100 _aHynes, Geraldine E.
245 _aManagerial communication :
_bstrategies and applications.
_cGeraldine E. Hynes.
250 _a4th ed.
260 _aBoston :
_bMcGraw Hill Irwin,
_c2008.
300 _axv, 341 p.
_bill. ;
_c23 cm.
521 _aBSBA
650 _aCommunication in management
650 _aBsiness communication
942 _cBK
_2lcc
_kFOR
999 _c25242
_d25242